000 00707nam a2200205 a 4500
001 000036992
005 20200930080053.0
008 120207s2010 dr abd r 000 0 spa d
040 _aDO-SdBNP
_bspa
_cBNPHU
082 _axxxx
_bR426d
110 1 _aRepública Dominicana
_9447
245 1 0 _aDe la crisis financiera internacional al crecimiento para todos /
_ceditores Roby Senderowitsch, Yvonne M. Tsikata.
260 _aSanto Domingo :
_bBanco Mundial,
_c2010.
300 _a150 p. :
_bil., map., diagr. ;
_c28 cm.
500 _aNotas de política
500 _aTexto a dos columnas
590 _aInventariado, 2019/YL
700 1 _aSenderowitsch, Roby
_eed.
_963385
700 1 _aTsikata, Yvonne M.
_963386
999 _c36482
_d36482